000 00476nam a2200181Ia 4500
008 170705s9999 xx 000 0 und d
020 _a9780439837156
245 _aIda B :
245 _band her plans to maximize fun, avoid disaster, and possibly save the world /
245 _cKatherine Hannigan.
260 _aNew York :
260 _bScholastic,
260 _c2004
300 _a246 pages :
300 _bcolor illustration ;
300 _c19cm.
500 _a970
999 _c336617
_d336617